Product Mascots - Animal or Human? Quiz Stats

 Plays Quiz Updated Jul 26, 2015

Also try: Product Mascots
Challenge
Share
Tweet
Embed
Score 0/18 Timer 02:00
0 Plays Today
Brand Mascot % Correct
Energizer???
93.4%
KFC???
93%
Quaker Oats???
93%
Aunt Jemima???
92.6%
Trix???
92.4%
Aflac???
91.5%
Toys 'R' Us???
89.3%
Gerber???
89.1%
Pep Boys???
88.9%
Brand Mascot % Correct
Snuggle???
86.5%
StarKist???
85%
Vlasic???
84.1%
Lucky Charms???
83.9%
Tootsie Pops???
79.6%
Brawny Paper Towels???
77.1%
Morton???
76.5%
Cinnamon Toast Crunch???
65%
Kraft Macaroni & Cheese???
53.1%

You're not logged in!

Compare scores with friends on all Sporcle quizzes.
Join for Free
OR
Log In

You Might Also Like...

Show Comments

Extras

Top Quizzes Today


Score Distribution

Your Account Isn't Verified!

In order to create a playlist on Sporcle, you need to verify the email address you used during registration. Go to your Sporcle Settings to finish the process.

Report this User

Report this user for behavior that violates our Community Guidelines.

Details: